Подвижник Нило-Сорской пустыни иеросхимонах Нил (Запись № 3216838)

Подробности
000 -МАРКЕР
контрольное поле 02405nam0a22003371 4500
001 - ИДЕНТИФИКАТОР ЗАПИСИ
контрольное поле v19\rc\1509773
005 - ИДЕНТИФИКАТОР ВЕРСИИ
контрольное поле 20260406075411.0
035 ## - ДРУГИЕ СИСТЕМНЫЕ НОМЕРА
Идентификатор записи (NLR Aleph) 004634928
100 ## - ДАННЫЕ ОБЩЕЙ ОБРАБОТКИ
Данные общей обработки 20060620e18851884|||y0rusy50 ca
101 0# - ЯЗЫК РЕСУРСА
Язык текста, звукозаписи и т.д. русский
102 ## - СТРАНА ПУБЛИКАЦИИ ИЛИ ПРОИЗВОДСТВА
Страна публикации Российская Федерация
105 ## - ПОЛЕ КОДИРОВАННЫХ ДАННЫХ: ТЕКСТОВЫЕ МАТЕРИАЛЫ, МОНОГРАФИЧЕСКИЕ
Кодированные данные о монографическом текстовом документе y z |||||
200 1# - ЗАГЛАВИЕ И СВЕДЕНИЯ ОБ ОТВЕТСТВЕННОСТИ
Основное заглавие Подвижник Нило-Сорской пустыни иеросхимонах Нил
205 ## - СВЕДЕНИЯ ОБ ИЗДАНИИ
Сведения об издании Изд. Афонского рус. Пантелеймонова монастыря
210 ## - ПУБЛИКАЦИЯ, РАСПРОСТРАНЕНИЕ И ДР.
Место издания, распространения и т.д. Москва
Имя издателя, распространителя и т. д. тип. И. Ефимова
Дата издания, распространения и т.д. 1885
215 ## - ФИЗИЧЕСКАЯ ХАРАКТЕРИСТИКА
Специфическое обозначение материала и объем 125 с.
300 ## - ОБЩИЕ ПРИМЕЧАНИЯ
Текст примечания В конце текста авт.: Андрей Ковалевский
311 ## - ПРИМЕЧАНИЯ, ОТНОСЯЩИЕСЯ К ПОЛЯМ СВЯЗИ (ПРИМЕЧАНИЯ О СВЯЗИ С ДРУГИМИ ПРОИЗВЕДЕНИЯМИ (ИЗДАНИЯМИ))
Текст примечания Из журн. Душеполезное чтение, 1884 г.
327 0# - ПРИМЕЧАНИЯ О СОДЕРЖАНИИ
Текст примечания В кн. также: Нило-Сорской пустыни подвижника иеросхимонаха Нила, молитвы к пресвятой Богородице на всякий день седьмицы и Проповедь иеросхимонаха Нила в день памяти преподобного Нила Сорского чудотворца, 7 мая
464 #0 - АНАЛИТИЧЕСКИЙ УРОВЕНЬ
Встроенное поле 2001#$aНило-Сорския пустыни подвижника иеросхимонаха Нила, молитвы к пресвятой Богородице на всякий день седьмицы$aПроповедь иеросхимонаха Нила в день памяти преподобного Нила Сорского чудотворца, 7 мая
-- 700#0$3RU\NLR\AUTH\770271274$aНил$cПрихудалов, Николай Иванович$cиеросхимонах$f1801-1870
Заглавие Проповедь иеросхимонаха Нила в день памяти преподобного Нила Сорского чудотворца, 7 мая
Автор Нил (иеросхимонах ; 1801-1870)
488 #0 - ДРУГИЕ ВЗАИМОСВЯЗАННЫЕ ПРОИЗВЕДЕНИЯ (ДОКУМЕНТЫ)
Встроенное поле 2001#$aДушеполезное чтение$v1884
Заглавие Душеполезное чтение
700 #1 - ИМЯ ЛИЦА - ПЕРВИЧНАЯ ОТВЕТСТВЕННОСТЬ
Материалы, к которым относится поле rus
Графика поля Кириллица
Начальный элемент ввода Ковалевский
Часть имени, кроме начального элемента ввода А. Ф.
Даты 1840-1901
Расширение инициалов личного имени Андрей Федорович
Идентификатор авторитетной/нормативной записи RU\NLR\AUTH\7738342
Системный номер авторитетной/нормативной записи 21326
702 #0 - ИМЯ ЛИЦА - ВТОРИЧНАЯ ОТВЕТСТВЕННОСТЬ
Код отношения Прочие
Материалы, к которым относится поле rus
Графика поля Кириллица
Начальный элемент ввода Нил Сорский
Дополнения к именам, кроме дат святой
Даты ок.1433-1508
Идентификатор авторитетной/нормативной записи RU\NLR\AUTH\77651
Системный номер авторитетной/нормативной записи 110694
801 #0 - ИСТОЧНИК ЗАПИСИ
Страна Российская Федерация
Организация NLR
Правила каталогизации psbo
801 #1 - ИСТОЧНИК ЗАПИСИ
Страна Российская Федерация
Организация ProSoft-M
Источник данных rusmarc
852 ## - МЕСТОНАХОЖДЕНИЕ И ШИФР ХРАНЕНИЯ
Идентификатор организации NLR
Шифр хранения (Call Number) 20.90.2.15
852 ## - МЕСТОНАХОЖДЕНИЕ И ШИФР ХРАНЕНИЯ
Идентификатор организации NLR
Шифр хранения (Call Number) 18.202.2.285
942 ## - ДОПОЛНИТЕЛЬНЫЕ ЭЛЕМЕНТЫ ЗАПИСИ (АБИС)
Тип экземпляра АБИС Книга
980 ## - КОЛЛЕКЦИЯ
Название коллекции Национальная библиография
Экземпляры
Тип экземпляра Дата поступления Библиотека постоянного хранения Библиотека текущего хранения Место хранения Шифр хранения Штрих-код Статус экземпляра
Книга 26.10.2013 РНБ (Садовая) РНБ (Садовая) Русский книжный фонд -Главное здание, Ленинский читальный зал 20.90.2.15 4634928-10  
Книга 26.10.2013 РНБ (Садовая) РНБ (Садовая) Русский книжный фонд -Главное здание, Ленинский читальный зал 18.202.2.285 4634928-20